La cámara creativa de video /
Este libro pretende aportar elementos para que toda persona que filma con una cámara de video produzca con ella una obra creativa. Se habla de los diferentes tipos de cámara, de los objetivos más adecuados que pueden usarse en cada caso, de la forma correcta de sujetar la cámara y de efectuar movimi...
Zapisane w:
| 1. autor: | |
|---|---|
| Format: | Książka |
| Język: | hiszpański |
| Wydane: |
Barcelona, España :
Cúpula/Imagen,
1991, c1991
|
| Wydanie: | 2a edición |
| Hasła przedmiotowe: | |
| Etykiety: |
Nie ma etykietki, Dołącz pierwszą etykiete!
|
MARC
| LEADER | 00000nam^a2200000^a^4500 | ||
|---|---|---|---|
| 001 | 000037415 | ||
| 005 | 20250521000000.0 | ||
| 009 | 20260310085426.133 | ||
| 020 | |a 84-329-1626-9 | ||
| 037 | |a Acervo ITESO - Biblioteca | ||
| 041 | |a ESP | ||
| 082 | |a 302. 236021 |b VID | ||
| 100 | |a Vidal, Albert |e (autor) | ||
| 245 | 1 | 3 | |a La cámara creativa de video / |c A. Vidal. |
| 250 | |a 2a edición | ||
| 264 | 4 | |a Barcelona, España : |b Cúpula/Imagen, |c 1991, c1991 | |
| 300 | |a 271 p. | ||
| 336 | |a texto |b txt |2 rdacontenido | ||
| 337 | |a sin mediación |b n |2 rdamedio | ||
| 338 | |a volumen |b nc |2 rdasoporte | ||
| 520 | |a Este libro pretende aportar elementos para que toda persona que filma con una cámara de video produzca con ella una obra creativa. Se habla de los diferentes tipos de cámara, de los objetivos más adecuados que pueden usarse en cada caso, de la forma correcta de sujetar la cámara y de efectuar movimientos, así como de las normas que determinan una buena composición de la imagen dentro del encuadre. | ||
| 649 | |a XX | ||
| 650 | |a Producción de Video | ||
| 650 | |a Video | ||
| 650 | |a Medios de Comunicación | ||
| 650 | |a Comunicación Masiva | ||
| 910 | |a Fondo General | ||
| 920 | |a Impresos - Libros | ||
| 930 | |a Colección General | ||
| 905 | |a 101 | ||
| 901 | |a 0374150100 |b IT1 |c ACC |i 037415 |u 20250521 | ||
| 901 | |a 0374150200 |b IT1 |c ACC |u 20250521 | ||
| 902 | |a https://opac.biblio.iteso.mx/vufind/Record/000037415 | ||